• 首页
  • 本馆介绍
  • 公告通知
  • 最新文献
  • 馆藏检索
  • 电子资源
  • 读者导购
  • 参考咨询
  • 我的图书馆
  • 登录
  • 详细信息显示
  • 放入我的书架
  • 预约/预借图书
  • 作者相关作品
  • 分类相关作品
  • 丛书相关作品
  • 出版社相关作品

书目信息

  • 表格格式
  • 工作单格式
  • 卡片格式
题名:
肺科医师读片指南
    
 
作者: 王彤 , 俞同福 , 尉迟以浩 , 王彤 主编
分册:  
出版信息: 南京   东南大学出版社  2008
页数: 337页
开本: 26x27cm
丛书名:
单 册:
中图分类: R560.4
科图分类:
主题词: 呼吸系统疾病--影像诊断
电子资源:
ISBN: 978-7-5641-1185-4
000 01170nam0 2200301 450
001 2374616112
005 20231218160754.52
010    @a978-7-5641-1185-4@b精装@dCNY150.00
100    @a20081103d2008 ekmy0chiy50 ea
101 0  @achi
102    @aCN@b320000
105    @aak a 000yy
200 1  @a肺科医师读片指南@Afei ke yi shi du pian zhi nan@f王彤等主编@FWang Tong Deng Zhu Bian
210    @a南京@c东南大学出版社@d2008
215    @a337页@c图@d26x27cm
312    @a英文并列题名取自封面
314    @a责任者取自封面
320    @a有书目
330    @a本书系统介绍了肺部影像学检查的基本原理与技术、肺部影像新技术、呼吸系统的正常影像学表现、肺部常见异常影像及分析思路, 最主要的是对常见呼吸系统疾病及部分少见疾病的临床诊断要点、影像学表现、鉴别诊断进行了综合阐述, 并对每一疾病的要点进行了分析讨论。
510 1  @aGuidelines for reading and interpreting chest radiographs@zeng
606 0  @a呼吸系统疾病@x影像诊断
690    @aR560.4@v5
701  0 @a王彤@Awang tong@4主编
701  0 @a俞同福@Ayu tong fu@4主编
701  0 @a尉迟以浩@Awei chi yi hao@4主编
701  0 @a王彤@AWang Tong@4主编
801  0 @aCN@b湖北三新@c20081103
905    @aZUCC@dR560.4@e4
    
    肺科医师读片指南/王彤等主编.-南京:东南大学出版社,2008
    337页:图;26x27cm
    
    
    ISBN 978-7-5641-1185-4(精装):CNY150.00
    本书系统介绍了肺部影像学检查的基本原理与技术、肺部影像新技术、呼吸系统的正常影像学表现、肺部常见异常影像及分析思路, 最主要的是对常见呼吸系统疾病及部分少见疾病的临床诊断要点、影像学表现、鉴别诊断进行了综合阐述, 并对每一疾病的要点进行了分析讨论。
●
相关链接 在五车中查询图书 在当当中查询图书 在豆瓣中查询图书


正题名:肺科医师读片指南     索取号:R560.4/4         预约/预借

序号 登录号 条形码 馆藏地/架位号 状态 备注
1 2001328192   2001328192   322书库/ [索取号:R560.4/4] 在馆    
2 2001328193   2001328193   322书库/ [索取号:R560.4/4] 在馆    
3 2001328194   2001328194   322书库/ [索取号:R560.4/4] 在馆    
4 2001328195   2001328195   322书库/ [索取号:R560.4/4] 在馆    
5 2001328196   2001328196   322书库/ [索取号:R560.4/4] 在馆    
6 2001328197   2001328197   322书库/ [索取号:R560.4/4] 在馆    
7 2001328198   2001328198   322书库/ [索取号:R560.4/4] 在馆    
8 2001328199   2001328199   322书库/ [索取号:R560.4/4] 在馆    
9 2001328200   2001328200   322书库/ [索取号:R560.4/4] 在馆    
10 2001328201   2001328201   322书库/ [索取号:R560.4/4] 在馆    
山东省滨州职业学院图书馆 欢迎您!
大连网信软件有限公司© 版权所有